[Event "SVM_Regionalliga_2023-24"]
[Site "?"]
[Date "2024.02.04"]
[Round "7.4"]
[White "Hack, Thomas"]
[Black "Proba, Stefan"]
[Result "1/2-1/2"]
[WhiteElo "1934"]
[BlackElo "1895"]
[PlyCount "96"]
[EventDate "2024.02.04"]
[WhiteTeam "Turm Euskirchen 1"]
[BlackTeam "Satranç Club 1"]

1. e4 c6 2. d4 d5 3. Nc3 b5 4. Bd3 b4 5. Nce2 e6 6. c3 Qb6 7. Nf3 dxe4 8. Bxe4
Nf6 9. Bc2 Ba6 10. O-O Be7 11. Re1 O-O 12. Bg5 h6 13. Bh4 Nbd7 14. Rc1 Rad8 15.
Bb1 Rfe8 16. Qc2 Nf8 17. c4 c5 18. Rcd1 cxd4 19. Nexd4 Bb7 20. b3 a6 21. Qe2
Qc5 22. Qe5 Bd6 23. Qxc5 Bxc5 24. Bxf6 gxf6 25. Kf1 Nd7 26. Be4 Bxe4 27. Rxe4
Nb8 28. Ree1 Kf8 29. Ke2 Rd6 30. Nc2 Red8 31. Ne3 Nc6 32. Rxd6 Rxd6 33. Rd1
Rxd1 34. Nxd1 Ke7 35. Ne3 f5 36. Nc2 Kf6 37. Nfe1 Nd4+ 38. Nxd4 Bxd4 39. Nd3 a5
40. f4 Bg1 41. h3 Bd4 42. Ne1 Bb6 43. Nf3 Bc7 44. Ke3 Bb6+ 45. Kd3 Ke7 46. g4
fxg4 47. hxg4 f6 48. Ke4 Kd6 1/2-1/2

[Event "SVM_Regionalliga_2023-24"]
[Site "?"]
[Date "2024.02.04"]
[Round "7.5"]
[White "Langen, Dirk"]
[Black "Reckers, Sebastian"]
[Result "1/2-1/2"]
[WhiteElo "1759"]
[BlackElo "1865"]
[PlyCount "113"]
[EventDate "2024.02.04"]
[WhiteTeam "Satranç Club 1"]
[BlackTeam "Turm Euskirchen 1"]

1. c4 Nf6 2. Nc3 c5 3. g3 g6 4. Bg2 Bg7 5. e3 e6 6. Nge2 Nc6 7. O-O O-O 8. d4
cxd4 9. exd4 d5 10. cxd5 Nxd5 11. h3 Nxc3 12. bxc3 Qb6 13. Be3 Qa6 14. Nf4 e5
15. Ne2 Be6 16. Re1 Bc4 17. Bf1 Rad8 18. Qd2 Rd6 19. Qb2 Rfd8 20. dxe5 Nxe5 21.
Nd4 Nd3 22. Bxd3 Bxd3 23. a4 Rb6 24. Nb5 Rxb5 25. axb5 Qf6 26. Bd4 Qf5 27. Bxg7
Kxg7 28. c4+ Kg8 29. Re5 Qxh3 30. Rae1 Qc8 31. c5 Bf5 32. Qc3 Be6 33. c6 bxc6
34. Qxc6 Qxc6 35. bxc6 Rc8 36. Rc1 Rc7 37. Rb5 Bc8 38. f3 Kf8 39. Kf2 Ke7 40.
Rb2 h5 41. Ke3 Kd6 42. Rd2+ Ke7 43. Rc5 Be6 44. Rd4 a5 45. Rc3 a4 46. Rxa4 Bd5
47. g4 hxg4 48. fxg4 Rxc6 49. Rxc6 Bxc6 50. Ra6 Bd5 51. g5 Be6 52. Kf4 Bc4 53.
Rb6 Kf8 54. Ke5 Kg7 55. Rb7 Ba2 56. Re7 Bb3 57. Ra7 1/2-1/2

[Event "SVM_Regionalliga_2023-24"]
[Site "?"]
[Date "2024.02.04"]
[Round "7.6"]
[White "Nussbaum, Stefan"]
[Black "Rublack, Valentin"]
[Result "1-0"]
[WhiteElo "1813"]
[BlackElo "1647"]
[PlyCount "69"]
[EventDate "2024.02.04"]
[WhiteTeam "Turm Euskirchen 1"]
[BlackTeam "Satranç Club 1"]

1. c4 e6 2. Nc3 d5 3. d4 f5 4. e3 Nf6 5. Nf3 c6 6. Bd3 Bd6 7. O-O Qc7 8. h3 O-O
9. Qc2 Ne4 10. b3 Nd7 11. Bb2 Qd8 12. Ne2 g5 13. Ne5 h5 14. f3 Nef6 15. e4 Nxe5
16. dxe5 Bc5+ 17. Kh1 dxe4 18. fxe4 Nxe4 19. Bxe4 fxe4 20. Qxe4 Kg7 21. Rf6 Qe8
22. Raf1 Be7 23. Rxf8 Bxf8 24. Qf3 Be7 25. Ng3 Qg6 26. Nxh5+ Kg8 27. Nf6+ Kg7
28. g3 Rb8 29. h4 b6 30. Kh2 Bb7 31. h5 Qc2+ 32. Rf2 Qf5 33. Qxf5 exf5 34. Rxf5
Kh6 35. Bc1 1-0

[Event "SVM_Regionalliga_2023-24"]
[Site "?"]
[Date "2024.02.04"]
[Round "7.7"]
[White "Krah, Marc"]
[Black "Lobe, Sandra"]
[Result "1-0"]
[WhiteElo "1927"]
[BlackElo "1783"]
[PlyCount "73"]
[EventDate "2024.02.04"]
[WhiteTeam "Satranç Club 1"]
[BlackTeam "Turm Euskirchen 1"]

1. c4 Nf6 2. Nc3 g6 3. g3 Bg7 4. Bg2 d6 5. d4 O-O 6. Nf3 Nbd7 7. e4 e5 8. O-O
Qe8 9. d5 Nc5 10. Qc2 a5 11. Ne1 Qe7 12. Nd3 Nfd7 13. Be3 Nxd3 14. Qxd3 Nc5 15.
Qd2 Bd7 16. Rad1 a4 17. Bxc5 dxc5 18. d6 Qxd6 19. Qxd6 cxd6 20. Rxd6 Be6 21.
Nd5 Rfd8 22. Rb6 Rd7 23. Rb5 Bxd5 24. cxd5 Bf8 25. Rc1 Ra6 26. Kf1 b6 27. Bh3
Rd6 28. Rc4 Ra8 29. Bg4 Be7 30. Bd1 a3 31. b4 Rdd8 32. Rxb6 cxb4 33. Rc7 Kf8
34. Rbb7 Re8 35. d6 Bxd6 36. Rxf7+ Kg8 37. Bb3 1-0

[Event "SVM_Regionalliga_2023-24"]
[Site "?"]
[Date "2024.02.04"]
[Round "7.8"]
[White "Bernhardt, Thomas"]
[Black "Hennig, Edgar Paul"]
[Result "0-1"]
[WhiteElo "1735"]
[BlackElo "1797"]
[PlyCount "78"]
[EventDate "2024.02.04"]
[WhiteTeam "Turm Euskirchen 1"]
[BlackTeam "Satranç Club 1"]

1. d4 Nf6 2. Nf3 e6 3. c4 Bb4+ 4. Bd2 Qe7 5. Qc2 Bxd2+ 6. Nbxd2 d5 7. a3 O-O 8.
Rc1 c6 9. e4 dxe4 10. Nxe4 Nbd7 11. Bd3 h6 12. O-O Rd8 13. Nc3 b6 14. Rfe1 Bb7
15. Qe2 Qd6 16. Rcd1 Qf4 17. Bb1 Re8 18. Qd3 g6 19. Ne2 Qc7 20. Ng3 c5 21. h3
Bxf3 22. Qxf3 cxd4 23. Rxd4 Kg7 24. Qc3 Rac8 25. Red1 e5 26. Rh4 Nc5 27. Nf5+
gxf5 28. Qg3+ Kf8 29. Bxf5 Rcd8 30. Re1 h5 31. Qg5 Qd6 32. Qh6+ Ke7 33. g4 hxg4
34. hxg4 Rh8 35. Qg5 Rdg8 36. Bg6 Rxh4 37. Rxe5+ Ne6 38. Rxe6+ Qxe6 39. Qxh4
Rxg6 0-1

[Event "SVM_Regionalliga_2023-24"]
[Site "?"]
[Date "2024.02.04"]
[Round "7.1"]
[White "Mainka, Alwin"]
[Black "Hess, Christian"]
[Result "1-0"]
[WhiteElo "2163"]
[BlackElo "1995"]
[PlyCount "77"]
[EventDate "2024.02.04"]
[WhiteTeam "Arminia Eilendorf 1"]
[BlackTeam "Langenfelder SF 2"]

1. e4 c5 2. Nf3 e6 3. d4 cxd4 4. Nxd4 Nc6 5. Nc3 a6 6. g3 Bb4 7. Bg2 Qc7 8. O-O
Nf6 9. Bg5 Qe5 10. Nf3 Qa5 11. Bxf6 gxf6 12. Ne2 h5 13. h4 Qc7 14. a3 Be7 15.
Rc1 Qb6 16. Rb1 Qa5 17. Qd3 b5 18. b4 Qb6 19. c4 bxc4 20. Qxc4 Ne5 21. Qc3 Ng4
22. Nh2 Bb7 23. Nxg4 hxg4 24. Rfd1 Rc8 25. Qd2 d6 26. a4 Rc4 27. Nd4 Rh5 28.
Bf1 Rc8 29. a5 Qd8 30. Qf4 Re5 31. Bg2 f5 32. exf5 Bxg2 33. Kxg2 Rc4 34. fxe6
Qa8+ 35. Kg1 fxe6 36. Qxg4 Kd7 37. Nf3 Ree4 38. Ne5+ Kc7 39. Qxe6 1-0

[Event "SVM_Regionalliga_2023-24"]
[Site "?"]
[Date "2024.02.04"]
[Round "7.2"]
[White "Schulte-Lentz, Christian"]
[Black "Tipp, Alexander"]
[Result "1-0"]
[WhiteElo "2043"]
[BlackElo "1862"]
[PlyCount "91"]
[EventDate "2024.02.04"]
[WhiteTeam "Langenfelder SF 2"]
[BlackTeam "Arminia Eilendorf 1"]

1. d4 d5 2. c4 e6 3. Nc3 Nf6 4. cxd5 exd5 5. Bg5 Be7 6. Qc2 O-O 7. e3 Be6 8.
Bd3 Nbd7 9. Nge2 Re8 10. O-O h6 11. Bh4 c6 12. f3 c5 13. Rad1 Rc8 14. Kh1 a6
15. Bf5 Qb6 16. Bxe6 Qxe6 17. Bf2 b5 18. Nf4 Qc6 19. dxc5 Bxc5 20. Rfe1 Nb6 21.
Qf5 Rcd8 22. Rc1 Qd6 23. Nd3 g6 24. Qh3 Kg7 25. Nxb5 axb5 26. Nxc5 Ra8 27. a3
Nc4 28. Nd3 Qd7 29. Qh4 Qf5 30. Qd4 Ne5 31. Nxe5 Qxe5 32. Qxe5 Rxe5 33. Rc5 b4
34. axb4 Ra2 35. Rb1 Re7 36. Ra5 Ra7 37. Be1 Kf8 38. Bc3 Ke7 39. Kg1 Nd7 40.
Rxd5 Nb6 41. Ra5 Nc4 42. Rxa7+ Rxa7 43. Kf2 Ra2 44. Ke2 Kd6 45. Kd3 Nb6 46. e4
1-0

[Event "SVM_Regionalliga_2023-24"]
[Site "?"]
[Date "2024.02.04"]
[Round "7.3"]
[White "Kühnert, Sven"]
[Black "Weisshaupt, Rainer"]
[Result "1/2-1/2"]
[WhiteElo "1799"]
[BlackElo "1943"]
[PlyCount "61"]
[EventDate "2024.02.04"]
[WhiteTeam "Arminia Eilendorf 1"]
[BlackTeam "Langenfelder SF 2"]

1. c4 e5 2. g3 Nf6 3. Nc3 Bc5 4. Bg2 O-O 5. a3 a6 6. Nf3 Nc6 7. O-O d6 8. b4
Ba7 9. d3 h6 10. Rb1 Rb8 11. a4 Be6 12. Ba3 Re8 13. e3 e4 14. Nd4 Nxd4 15. exd4
Bxd4 16. Nxe4 Bf5 17. Nxf6+ Qxf6 18. Qf3 Qg6 19. Rb3 h5 20. Qd5 Qf6 21. Qf3 Bg4
22. Qxf6 Bxf6 23. Be4 Bd4 24. b5 a5 25. Kg2 g6 26. Rbb1 Kg7 27. Rfe1 Bd7 28.
Bf3 b6 29. Re4 Rxe4 30. Bxe4 Re8 31. Bb2 1/2-1/2

[Event "SVM_Regionalliga_2023-24"]
[Site "?"]
[Date "2024.02.04"]
[Round "7.4"]
[White "Hess, Dennis"]
[Black "Mainka, Irmin"]
[Result "1/2-1/2"]
[WhiteElo "1925"]
[BlackElo "1798"]
[PlyCount "25"]
[EventDate "2024.02.04"]
[WhiteTeam "Langenfelder SF 2"]
[BlackTeam "Arminia Eilendorf 1"]

1. e4 e5 2. Nf3 Nc6 3. d4 exd4 4. Nxd4 Bc5 5. Be3 Qf6 6. c3 Nge7 7. Bc4 Ne5 8.
Be2 d5 9. f4 Ng4 10. Bxg4 Qh4+ 11. Bf2 Qxg4 12. Qxg4 Bxg4 13. h3 1/2-1/2

[Event "SVM_Regionalliga_2023-24"]
[Site "?"]
[Date "2024.02.04"]
[Round "7.5"]
[White "Nguyen, Tuan-Anh"]
[Black "Bosbach, Jens"]
[Result "1/2-1/2"]
[WhiteElo "1763"]
[BlackElo "1847"]
[PlyCount "53"]
[EventDate "2024.02.04"]
[WhiteTeam "Arminia Eilendorf 1"]
[BlackTeam "Langenfelder SF 2"]

1. d4 Nf6 2. Bf4 e6 3. Nf3 b6 4. e3 Bb7 5. Be2 Be7 6. O-O O-O 7. c4 d6 8. h3
Nbd7 9. Nc3 Ne4 10. Nxe4 Bxe4 11. Nd2 Bb7 12. Bf3 Bxf3 13. Nxf3 f5 14. Qb3 Kh8
15. c5 Rf6 16. cxd6 cxd6 17. Rac1 h6 18. Rc6 e5 19. Bh2 e4 20. Nd2 Rc8 21. Rfc1
Rxc6 22. Rxc6 Nb8 23. Rc3 Rf8 24. Qd5 Qd7 25. b3 Rd8 26. Kf1 Na6 27. a3 1/2-1/2

[Event "SVM_Regionalliga_2023-24"]
[Site "?"]
[Date "2024.02.04"]
[Round "7.6"]
[White "Göde, Johannes Paul"]
[Black "Van den Brink, Frederik Johannes"]
[Result "1/2-1/2"]
[WhiteElo "1683"]
[BlackElo "1715"]
[PlyCount "113"]
[EventDate "2024.02.04"]
[WhiteTeam "Langenfelder SF 2"]
[BlackTeam "Arminia Eilendorf 1"]

1. e4 c5 2. Nf3 d6 3. Bc4 Nf6 4. Nc3 a6 5. a4 e6 6. d3 Be7 7. O-O O-O 8. Re1
Nc6 9. Bf4 Bd7 10. e5 dxe5 11. Nxe5 Nxe5 12. Bxe5 Bc6 13. Ne2 b5 14. axb5 axb5
15. Bb3 Rxa1 16. Qxa1 Qb6 17. Qc1 Ng4 18. Bg3 Qb7 19. f3 Nf6 20. Qf4 Nh5 21.
Qc7 Nxg3 22. Qxg3 Bf6 23. c3 Rd8 24. Rd1 e5 25. Qg4 Qa7 26. Kf1 g6 27. Qg3 c4
28. dxc4 Rxd1+ 29. Bxd1 Qa1 30. Qe1 Qxb2 31. cxb5 Bxb5 32. Kg1 Bg5 33. Ng3 Qc1
34. Ne4 Qe3+ 35. Qxe3 Bxe3+ 36. Kh1 Bc4 37. Nd6 Be6 38. Be2 f6 39. g3 Kf8 40.
Kg2 Ke7 41. Nb5 Kd7 42. Kf1 Kc6 43. g4 Kc5 44. Ke1 Bb3 45. h3 Ba4 46. Na3 Bb3
47. Bd3 Bc1 48. Nb1 Be6 49. Nd2 Bxd2+ 50. Kxd2 f5 51. g5 Bd5 52. Ke3 Bb3 53.
Be2 Kd5 54. Bd3 Bc4 55. Bc2 Bf1 56. Bb3+ Bc4 57. Bc2 1/2-1/2

[Event "SVM_Regionalliga_2023-24"]
[Site "?"]
[Date "2024.02.04"]
[Round "7.7"]
[White "Leuchter, Johannes"]
[Black "Unshelm, Jan Erik"]
[Result "0-1"]
[WhiteElo "1684"]
[BlackElo "1378"]
[PlyCount "104"]
[EventDate "2024.02.04"]
[WhiteTeam "Arminia Eilendorf 1"]
[BlackTeam "Langenfelder SF 2"]

1. Nf3 Nf6 2. g3 c5 3. Bg2 Nc6 4. d3 d5 5. Nbd2 e5 6. O-O Be7 7. c4 O-O 8. cxd5
Nxd5 9. Nc4 Bf6 10. a4 Be6 11. Bd2 Qd7 12. Ng5 Bxg5 13. Bxg5 Bh3 14. Bd2 Bxg2
15. Kxg2 Rae8 16. Rc1 f5 17. Ne3 f4 18. Nxd5 Qxd5+ 19. f3 Re6 20. Rc3 Rh6 21.
Qb3 Qxb3 22. Rxb3 Nd4 23. Rxb7 Nxe2 24. g4 Rd8 25. Rf2 Nd4 26. Bc3 Nc6 27. Rd2
Rdd6 28. Rc7 Rhe6 29. h4 Kf8 30. Kf2 Re7 31. Rxe7 Kxe7 32. b3 Ke6 33. Ke2 Kd5
34. Rb2 Rh6 35. h5 g6 36. hxg6 hxg6 37. Kf1 Rh3 38. Kg2 Rg3+ 39. Kf2 Nd4 40.
Bxd4 Kxd4 41. Re2 Rh3 42. Re4+ Kd5 43. Kg2 Rg3+ 44. Kf2 a5 45. Re1 Rh3 46. Kg2
Rh7 47. Rc1 Rb7 48. Rc3 Rb4 49. Kf2 Kd4 50. Rc2 Rxb3 51. Rc4+ Kd5 52. Ke2 Rb4
0-1

[Event "SVM_Regionalliga_2023-24"]
[Site "?"]
[Date "2024.02.04"]
[Round "7.1"]
[White "Radler, Alexander"]
[Black "Meirick, Ingo"]
[Result "0-1"]
[WhiteElo "1677"]
[BlackElo "2181"]
[PlyCount "44"]
[EventDate "2024.02.04"]
[WhiteTeam "Eschweiler SC 1"]
[BlackTeam "SV Herzogenrath 1"]

1. e4 c5 2. Nf3 e6 3. b3 d5 4. exd5 exd5 5. d4 Nc6 6. Bb2 Nf6 7. Bd3 Be7 8. O-O
O-O 9. dxc5 Bxc5 10. Nc3 Bg4 11. Qd2 {(=)} Bxf3 12. gxf3 Ne5 13. Be2 Ng6 14.
Rad1 Bd6 15. Qg5 Nf4 16. Kh1 h6 17. Qh4 Be5 18. Bd3 Re8 19. Rg1 Ne4 20. Rxg7+
Bxg7 21. Qxd8 Nxf2+ 22. Kg1 N2h3+ 0-1

[Event "SVM_Regionalliga_2023-24"]
[Site "?"]
[Date "2024.02.04"]
[Round "7.2"]
[White "Schreyer, Oliver"]
[Black "Henrotte, Nils"]
[Result "1/2-1/2"]
[WhiteElo "2039"]
[BlackElo "1971"]
[PlyCount "66"]
[EventDate "2024.02.04"]
[WhiteTeam "SV Herzogenrath 1"]
[BlackTeam "Eschweiler SC 1"]

1. e4 Nc6 2. Nf3 e6 3. b3 d5 4. exd5 exd5 5. Bb2 f6 6. Bb5 Qe7+ 7. Qe2 Bg4 8.
Qxe7+ Ngxe7 9. Nd4 a6 10. f3 Bd7 11. Be2 Nxd4 12. Bxd4 Bf5 13. Kd1 Nc6 14. Bb2
Bc5 15. g4 Bg6 16. h4 Nd4 17. d3 h5 18. Nc3 O-O-O 19. Kd2 Ne6 20. Raf1 {(=)}
Nf4 21. Na4 Rhe8 22. Nxc5 Rxe2+ 23. Kd1 Rde8 24. Re1 b6 25. Rxe2 Rxe2 26. Nxa6
Bxd3 27. Nb4 Rg2 28. Bc1 Be2+ 29. Ke1 c5 30. Bxf4 cxb4 31. Rh2 Rxh2 32. Bxh2
Bxf3 33. gxh5 Bxh5 {(=)} 1/2-1/2

[Event "SVM_Regionalliga_2023-24"]
[Site "?"]
[Date "2024.02.04"]
[Round "7.3"]
[White "Spies, Ulrich"]
[Black "Zappel, Marius"]
[Result "1/2-1/2"]
[WhiteElo "1866"]
[BlackElo "2055"]
[PlyCount "105"]
[EventDate "2024.02.04"]
[WhiteTeam "Eschweiler SC 1"]
[BlackTeam "SV Herzogenrath 1"]

1. e4 c5 2. c4 Nc6 3. Nc3 g6 4. g3 Bg7 5. Bg2 Nf6 6. d3 d6 7. Nge2 O-O 8. O-O
Be6 9. Nf4 Bg4 10. f3 Bd7 11. h3 Rb8 12. Rb1 a6 13. Ncd5 Ne8 14. b3 e6 15. Ne3
Nb4 16. Qd2 Nc6 17. Ne2 f5 18. exf5 gxf5 19. f4 Nd4 20. Nxd4 cxd4 21. Nc2 Bc6
22. Bb2 e5 23. Nb4 Qa5 24. a3 Qb6 25. Nxc6 bxc6 26. Ba1 c5 27. b4 Qc7 28. Bd5+
Kh8 29. Kh2 Nf6 30. Be6 Nh5 31. Qe2 Qe7 32. Bd5 Qe8 33. Bf3 Nf6 34. bxc5 Rxb1
35. Rxb1 dxc5 36. fxe5 Nd7 37. e6 Ne5 38. Bd5 f4 39. gxf4 Ng6 40. f5 Rxf5 41.
Rf1 {(=)} Qb8+ 42. Kh1 Qg3 43. Rxf5 Qxh3+ 44. Kg1 Qxf5 45. Bb2 Nf4 46. Qf3 Bf6
47. Bc1 Qg6+ 48. Kh2 Nh5 49. Bf4 Qf5 50. Bg3 Qg5 51. Kh3 Qh6 52. Kg2 Qd2+ 53.
Kh3 {(=)} 1/2-1/2

[Event "SVM_Regionalliga_2023-24"]
[Site "?"]
[Date "2024.02.04"]
[Round "7.4"]
[White "Horbach, Fabian"]
[Black "Singh, Marcel"]
[Result "0-1"]
[WhiteElo "1956"]
[BlackElo "1844"]
[PlyCount "114"]
[EventDate "2024.02.04"]
[WhiteTeam "SV Herzogenrath 1"]
[BlackTeam "Eschweiler SC 1"]

1. d4 Nf6 2. Nf3 g6 3. c4 Bg7 4. Nc3 d5 5. Bg5 Ne4 6. cxd5 Nxg5 7. Nxg5 e6 8.
Qd2 exd5 9. Qe3+ Kf8 10. Qf4 Bf6 11. h4 h6 12. Nf3 Be6 13. e3 c6 14. Bd3 Nd7
15. O-O-O Qb8 16. Qxb8+ Rxb8 17. Kb1 Kg7 18. Rc1 c5 19. Bb5 cxd4 20. Nxd4 Ne5
21. Nce2 Bc8 22. Nf4 Ng4 23. Rhf1 Bxh4 24. Rc7 Bd8 25. Rc5 Nf6 26. Rd1 Bb6 27.
Rcc1 g5 28. Nfe2 Ne4 29. f3 Nd6 30. Bd3 Re8 31. Ng3 Rxe3 32. Ndf5+ Bxf5 33.
Bxf5 Re5 34. Nh5+ Kf8 35. Nf6 Rxf5 36. Nd7+ Ke7 37. Nxb8 Kd8 38. Rh1 Rf6 39. b4
Bc7 40. Nc6+ bxc6 41. Rxc6 Re6 42. Rd1 Re2 43. Rxd5 Rxg2 44. Rcxd6+ Bxd6 45.
Rxd6+ Ke7 46. Rxh6 Rg3 47. Ra6 Rxf3 48. Rxa7+ Kd6 49. Kc2 g4 50. Ra8 g3 51. Rg8
f5 52. a4 f4 53. a5 Kc6 54. a6 Ra3 55. Rg4 g2 56. a7 Kb7 57. Rg7+ Ka8 0-1

[Event "SVM_Regionalliga_2023-24"]
[Site "?"]
[Date "2024.02.04"]
[Round "7.5"]
[White "Bieberle, Gerhart"]
[Black "Samraoui, Mekki"]
[Result "0-1"]
[WhiteElo "1780"]
[BlackElo "1886"]
[PlyCount "104"]
[EventDate "2024.02.04"]
[WhiteTeam "Eschweiler SC 1"]
[BlackTeam "SV Herzogenrath 1"]

1. Nf3 b6 2. d4 Bb7 3. c4 e6 4. Nc3 Nf6 5. e3 d5 6. cxd5 Nxd5 7. Be2 c5 8. O-O
cxd4 9. Nxd4 Nxc3 10. bxc3 Nd7 11. Bb2 Be7 12. Bf3 Qc8 13. Bxb7 Qxb7 14. Qf3
Qxf3 15. Nxf3 O-O 16. Rfd1 Rfd8 17. Rd2 Nf6 18. Rad1 Ne4 19. Rxd8+ Rxd8 20.
Rxd8+ Bxd8 21. Kf1 Bf6 22. Nd4 Nd2+ 23. Ke2 Nc4 24. Bc1 e5 25. Nf3 Nd6 26. Nd2
e4 27. Ba3 Nb5 28. Bb2 Bxc3 29. Bc1 Bxd2 30. Kxd2 f5 31. a4 Nd6 32. Kc3 Kf7 33.
Kd4 Ke6 34. h4 h5 35. Bd2 a6 36. a5 Nb5+ 37. Kc4 bxa5 38. Bxa5 Ke5 39. Bd2 Kd6
40. f3 g6 41. Bb4+ Ke5 42. Bd2 Kf6 43. Ba5 Ke6 44. Kc5 exf3 45. gxf3 Nd6 46.
Bc7 Ne8 47. Bf4 Nf6 48. Bg5 Nd7+ 49. Kd4 Ne5 50. f4 Nf3+ 51. Kc5 Nxg5 52. fxg5
Ke5 0-1

[Event "SVM_Regionalliga_2023-24"]
[Site "?"]
[Date "2024.02.04"]
[Round "7.6"]
[White "Haverkamp, Klaus"]
[Black "Phlippen, Josef"]
[Result "1-0"]
[WhiteElo "1872"]
[BlackElo "1576"]
[PlyCount "61"]
[EventDate "2024.02.04"]
[WhiteTeam "SV Herzogenrath 1"]
[BlackTeam "Eschweiler SC 1"]

1. e4 c5 2. Nf3 Nc6 3. d4 cxd4 4. Nxd4 g6 5. Bc4 Bg7 6. c3 Nf6 7. Nxc6 Qc7 8.
Qb3 bxc6 9. Bxf7+ Kf8 10. Bc4 Nxe4 11. Nd2 Qf4 12. Nf3 Qc7 13. O-O d5 14. Be2
Qb6 15. Be3 Qxb3 16. axb3 Bg4 17. h3 Bd7 18. b4 Nxc3 {(=)} 19. bxc3 Bxc3 20.
Rxa7 Rxa7 21. Bxa7 e5 22. Bc5+ Kf7 23. Rc1 Bb2 24. Rc2 Ba1 25. Ra2 Bc3 26. Ra3
Bb2 27. Ra7 Ke6 28. Ng5+ Kf6 29. h4 h6 30. Rxd7 hxg5 31. Be7+ 1-0

[Event "SVM_Regionalliga_2023-24"]
[Site "?"]
[Date "2024.02.04"]
[Round "7.7"]
[White "Kohnen, Thorsten"]
[Black "Arns, Danny"]
[Result "0-1"]
[WhiteElo "1694"]
[BlackElo "1904"]
[PlyCount "66"]
[EventDate "2024.02.04"]
[WhiteTeam "Eschweiler SC 1"]
[BlackTeam "SV Herzogenrath 1"]

1. e4 e6 2. d4 d5 3. e5 c5 4. c3 Nc6 5. Be3 Qb6 6. b3 cxd4 7. Bxd4 Nxd4 8. Qxd4
Qxd4 9. cxd4 Bb4+ 10. Kd1 Bd7 11. Bd3 Ne7 12. Ne2 Nc6 13. Nd2 Ba3 14. Nf3 Rc8
15. Kd2 O-O 16. Raf1 Nb4 17. Bb1 Bb5 18. Rd1 Nc2 19. Rc1 Bxc1+ 20. Nxc1 Na3 21.
Nd3 Nxb1+ 22. Rxb1 Bxd3 23. Kxd3 Rc6 24. Kd2 Rfc8 25. Ne1 f6 26. f4 b5 27. a3
fxe5 28. fxe5 g5 29. Rb2 Rf8 30. Nd3 Rf1 31. Nc5 Rc8 32. Rc2 a5 33. Nxe6 Rf2+
0-1

[Event "SVM_Regionalliga_2023-24"]
[Site "?"]
[Date "2024.02.04"]
[Round "7.8"]
[White "Schreyer, Erik"]
[Black "Radike, Eike"]
[Result "1-0"]
[WhiteElo "1976"]
[BlackElo "1493"]
[PlyCount "47"]
[EventDate "2024.02.04"]
[WhiteTeam "SV Herzogenrath 1"]
[BlackTeam "Eschweiler SC 1"]

1. e4 d5 2. exd5 Nf6 3. Nc3 Nxd5 4. Bc4 Nxc3 5. Qf3 e6 6. Qxc3 b6 7. Nf3 Bb7 8.
O-O Nd7 9. d4 Nf6 10. Bb5+ c6 11. Bxc6+ Bxc6 12. Qxc6+ Nd7 13. Bg5 Be7 14. Bxe7
Kxe7 15. Rfe1 Rc8 16. Qa4 a5 17. Qa3+ Ke8 18. d5 Qf6 19. dxe6 fxe6 20. Qb3 Rc6
21. Rad1 Ke7 22. Qd5 Nb8 23. Nd4 Rd6 24. Nf5+ 1-0

[Event "SVM_Regionalliga_2023-24"]
[Site "?"]
[Date "2024.02.04"]
[Round "7.1"]
[White "Alienkin, Aleksander"]
[Black "Reinöhl, Christian"]
[Result "1-0"]
[WhiteElo "2288"]
[BlackElo "2130"]
[PlyCount "65"]
[EventDate "2024.02.04"]
[WhiteTeam "DJK Aufwärts Aachen 1"]
[BlackTeam "SK Troisdorf 1"]

1. d4 d5 2. c4 c6 3. Nf3 Nf6 4. Qb3 g6 5. g3 dxc4 6. Qxc4 Be6 7. Qa4 Bd5 8. Bg2
Bg7 9. O-O O-O 10. Nc3 Ne4 11. Qc2 Nxc3 12. bxc3 Nd7 13. e4 Bc4 14. Rd1 Qa5 15.
a4 Nb6 16. Nd2 Be2 17. Re1 Qa6 18. Nb3 Bd3 19. Qd2 Nd7 20. Ba3 Rfe8 21. Bb4 b6
22. a5 Bc4 23. axb6 Qxb6 24. Na5 Be6 25. d5 cxd5 26. exd5 Bf5 27. Nc6 Nc5 28.
Nxe7+ Kh8 29. Nxf5 gxf5 30. Rxe8+ Rxe8 31. Re1 Ne4 32. Bxe4 fxe4 33. d6 1-0

[Event "SVM_Regionalliga_2023-24"]
[Site "?"]
[Date "2024.02.04"]
[Round "7.2"]
[White "Schwarz, Andreas"]
[Black "Cnossen, Wiebe"]
[Result "1/2-1/2"]
[WhiteElo "2134"]
[BlackElo "2134"]
[PlyCount "70"]
[EventDate "2024.02.04"]
[WhiteTeam "SK Troisdorf 1"]
[BlackTeam "DJK Aufwärts Aachen 1"]

1. d4 d5 2. c4 e6 3. Nf3 Nf6 4. g3 Bb4+ 5. Bd2 Bd6 6. Bg2 O-O 7. Bg5 c6 8. Nbd2
Nbd7 9. O-O h6 10. Bxf6 Nxf6 11. Qc2 b6 12. e4 dxe4 13. Nxe4 Nxe4 14. Qxe4 Bb7
15. Ne5 Rc8 16. Rac1 Qe7 17. Nd3 Rfd8 18. c5 Bb8 19. Rfd1 Qf6 20. Ne5 bxc5 21.
Rxc5 Bd6 22. Rcc1 Rc7 23. Qe2 Bf8 24. h4 c5 25. Ng4 Qe7 26. Bxb7 Rxb7 27. dxc5
Rxd1+ 28. Qxd1 Rxb2 29. c6 Qc7 30. Qd7 Bd6 31. Rd1 Bxg3 32. Qd8+ Kh7 33. Qd3+
f5 34. fxg3 Qxc6 35. Nf2 Rxa2 1/2-1/2

[Event "SVM_Regionalliga_2023-24"]
[Site "?"]
[Date "2024.02.04"]
[Round "7.3"]
[White "Höfken, Tom"]
[Black "Fuß, Jean-Pierre"]
[Result "1-0"]
[WhiteElo "2033"]
[BlackElo "2014"]
[PlyCount "31"]
[EventDate "2024.02.04"]
[WhiteTeam "DJK Aufwärts Aachen 1"]
[BlackTeam "SK Troisdorf 1"]

1. e4 c5 2. c3 Nf6 3. e5 Nd5 4. d4 cxd4 5. cxd4 Nc6 6. Nc3 Nxc3 7. bxc3 d6 8.
f4 e6 9. Nf3 Be7 10. Bd3 O-O 11. O-O b6 12. Qe1 Qc7 13. Qg3 dxe5 14. fxe5 g6
15. Bh6 Re8 16. Ng5 1-0

[Event "SVM_Regionalliga_2023-24"]
[Site "?"]
[Date "2024.02.04"]
[Round "7.4"]
[White "Keßler, Ulrich"]
[Black "Dönitz, Christian"]
[Result "0-1"]
[WhiteElo "1943"]
[BlackElo "1943"]
[PlyCount "110"]
[EventDate "2024.02.04"]
[WhiteTeam "SK Troisdorf 1"]
[BlackTeam "DJK Aufwärts Aachen 1"]

1. Nf3 g6 2. c4 Bg7 3. Nc3 d6 4. g3 e5 5. Bg2 f5 6. d3 Nf6 7. O-O O-O 8. c5 h6
9. Qc2 c6 10. cxd6 Qxd6 11. Na4 Na6 12. Be3 Nd5 13. Bd2 b6 14. a3 Bb7 15. Rac1
Rac8 16. b4 Kh7 17. Qb3 Nac7 18. Nc3 Ne6 19. Nxd5 cxd5 20. Rxc8 Rxc8 21. Rc1
Rxc1+ 22. Bxc1 e4 23. Ne1 Nd4 24. Qd1 Nb5 25. Qc2 Qe5 26. e3 Qa1 27. a4 Nc3 28.
Bd2 Qxa4 29. d4 Qxc2 30. Nxc2 Nb5 31. Bf1 Bc6 32. Be2 Bf8 33. Kf1 Kg7 34. Ke1
Bd6 35. Kd1 Kf6 36. Kc1 Nc7 37. Kb2 Bb5 38. Bxb5 Nxb5 39. Kb3 Nc7 40. Ka4 a6
41. Na3 Ke6 42. Nb1 Kd7 43. Nc3 Kc6 44. Ne2 g5 45. h3 b5+ 46. Kb3 Na8 47. Nc1
Nb6 48. Ka2 Nc4 49. Be1 f4 50. exf4 gxf4 51. g4 f3 52. Kb3 Be7 53. Kc2 Bg5 54.
Nb3 Bh4 55. Nd2 e3 0-1

[Event "SVM_Regionalliga_2023-24"]
[Site "?"]
[Date "2024.02.04"]
[Round "7.5"]
[White "Deider, Kevin"]
[Black "Both, David"]
[Result "1-0"]
[WhiteElo "1873"]
[BlackElo "1940"]
[PlyCount "69"]
[EventDate "2024.02.04"]
[WhiteTeam "DJK Aufwärts Aachen 1"]
[BlackTeam "SK Troisdorf 1"]

1. e4 c6 2. d4 d5 3. e5 Bf5 4. h4 h5 5. Bg5 Qb6 6. Bd3 Bxd3 7. Qxd3 e6 8. Nd2
Ne7 9. Ngf3 Nf5 10. O-O Nd7 11. c4 Qa6 12. Rfc1 Nb6 13. b3 Be7 14. Bxe7 Kxe7
15. a4 Rac8 16. Qc3 Nd7 17. cxd5 exd5 18. Qb4+ Ke8 19. a5 Nf8 20. Nb1 Ne6 21.
Nc3 Kd7 22. Na4 Qb5 23. Qd2 Rh6 24. Nc3 Qb4 25. Ra4 Qe7 26. Nxd5 cxd5 27. Rxc8
Kxc8 28. Qc2+ Kb8 29. Qxf5 Rg6 30. a6 b6 31. g3 Qc7 32. Kh2 Qc3 33. Qxf7 Nd8
34. Qxg6 Qxf3 35. Ra2 1-0